000 00570cam a22002053a 4500
001 40926
003 PGUSA
005 20140828083922.0
008 121003s2012||||xxu|||||s|||||000 | eng d
040 _aPGUSA
_beng
042 _adc
100 1 _aJarrell, Myra Williams
245 1 0 _aMeg, of Valencia
_h[electronic resource] /
_cMyra Williams Jarrell
260 _bProject Gutenberg,
_c2012
506 _aPublic domain in the USA.
516 _aElectronic text
830 0 _aProject Gutenberg
_v40926
856 4 0 _uhttp://www.gutenberg.org/ebooks/40926
942 _cEB
999 _c270178
_d270178